000 00512pab a2200193 454500
008 180718b2011 xxu||||| |||| 00| 0 eng d
100 _aBhattacharya, Dipankar
245 _aFora left resurgence
260 _c2011
300 _ap.71-73.
362 _a19 Nov
650 _aCPI (M)
650 _aPolitical parties - India - West Bengal
650 _aWest Bengal - Politics and government
650 _aPolitics and government
773 _aEconomic and Political Weekly
908 _aN
909 _a94470
999 _c94470
_d94470